Kompang Jawa

Bibliographic Details
Main Author: Tuan Syed Mahadzir Syed Ibrahim Awaluddin Bin Jahid
Format: Book
Published: Kuala Lumpur : Jabatan Kebudayaan Negara , 2010
Edition:Rohaniza Abdullah
Subjects:

MARC

LEADER 00000cam a2200000 7i4500
001 0000092266
005 20230903145711.0
008 230903
020 |a 9789675552021 
041 |a Malay 
090 0 0 |a 786.9   |b KOM 
100 1 |a Tuan Syed Mahadzir Syed Ibrahim Awaluddin Bin Jahid 
245 0 0 |a Kompang Jawa   |c Siri Penyelidikan Seni Budaya Selangor Darul Ehsan   |f Tuan Syed Mahadzir Syed Ibrahim Awaluddin Bin Jahid 
250 |a Rohaniza Abdullah 
260 |a Kuala Lumpur :   |b Jabatan Kebudayaan Negara ,   |c 2010 
300 |a 36p. :   |b ill.col. ;   |c 25.6cm. 
650 0 |a Kompang Jawa 
650 0 |a Musical instruments Malaysia 
999 |a 0001260604   |b Book   |c Adult Collection   |e Cawangan Bandar Penawar